| 000 | 00943cam a22002411i 4500 | ||
|---|---|---|---|
| 003 | SA-RiAUC | ||
| 005 | 20260313115150.0 | ||
| 008 | 260312s1913 le g 000r0 ara c | ||
| 040 |
_aSA-RiAUC _bara _cSA-RiAUC _erda |
||
| 082 | 0 | 4 |
_a247 _qSA-RiAUC |
| 090 |
_aم ن 247 _bح س ن |
||
| 100 | 1 |
_aحسن الصدر، حسن بن هادي بن محمد، _d1272-1354 هجري _eمؤلف. |
|
| 245 | 1 | 2 |
_aالشيعة وفنون الإسلام / _cحسن الصدر. |
| 264 | 1 |
_a[مكان النشر غير محدد] : _b[الناشر غير محدد]، _c[1913] |
|
| 264 | 3 |
_aصيدا، لبنان : _bمطبعة العرفان |
|
| 300 |
_a150 صفحة ؛ _c29 سم |
||
| 336 |
_aنص _btxt _2rdacontent _3كتاب |
||
| 337 |
_aبدون وسيط _bn _2rdamedia |
||
| 338 |
_aمجلد _bnc _2rdacarrier |
||
| 650 | 7 |
_aالشيعة (فرقة إسلامية) _2aucsh |
|
| 942 |
_2ddc _cRBOOK COPY _n0 |
||
| 949 |
_aSA-JeALM _d260312 _umohamedma123 _n1 |
||
| 999 |
_c14549 _d14549 |
||